| 000 | 00759nam a2200289 i 4500 | ||
|---|---|---|---|
| 001 | 09280 | ||
| 003 | DO-SdBNP | ||
| 005 | 20160421105237.0 | ||
| 007 | 09280 | ||
| 008 | 880120s1997 sp spa | ||
| 015 | _a | ||
| 016 | 7 |
_a _z _2BPMSU |
|
| 017 |
_a _b |
||
| 020 | _a950511284X | ||
| 035 | _a | ||
| 040 |
_aBPMSU _bspa _cBPMSU _e |
||
| 080 | 0 | _a | |
| 100 | 1 | _aBornemann, Elsa Isabel | |
| 245 | 1 | 0 |
_aLisa de los paraguas : _b15 cuentos para chicos-chicos / _h _cElsa Bornemann |
| 260 |
_aBuenos Aires : _bAlfaguara _c1997 _e _f |
||
| 300 |
_a137 p. : _bil. ; _c 22 cm. |
||
| 490 | _aInfantil | ||
| 500 | _aPara niños desde 7 años | ||
| 830 | _pInfantil | ||
| 942 |
_2ddc _cBK |
||
| 956 |
_aVMATEO _210 _320160421 _6BPMSU _80069 |
||
| 999 |
_c9888 _d9888 |
||